Province del Regno di Sardegna nel 1859 su una Mappa - Statistics

Statistiche generali
  • Questo quiz è stato fatto 61 volte
  • Il punteggio medio è 13 su 17
Risposte nella Mappa
Le risposte nella mappa del quiz sottostante sono codificate secondo una scala di colori dal rosso al verde in base alla % di persone che hanno risposto correttamente.
 
Statistiche sulle risposte
Risposta % Corretto
Torino
96%
Milano
93%
Genova
91%
Cagliari
87%
Como
87%
Cuneo
87%
Sassari
87%
Alessandria
84%
Pavia
84%
Novara
80%
Sondrio
80%
Bergamo
78%
Brescia
78%
Cremona
78%
Nizza
76%
Chambéry
44%
Annecy
33%
Nessun quiz corrispondente trovato
Distribuzione punteggi
Percentuale di utenti per punteggio
Percentile per numero di risposta
I tuoi punteggi nel tempo
Non hai fatto questo quiz